| 000 | 00885nam a22002417a 4500 | ||
|---|---|---|---|
| 999 |
_c3530 _d3530 |
||
| 005 | 20251125232747.0 | ||
| 008 | s2537 th tha d | ||
| 020 | _a9742106533 | ||
| 040 | _aNALT | ||
| 041 | _atha | ||
| 050 | _aJQ1745.A1 ร951ส 2537 | ||
| 100 | 0 | _aไรท์, โจเซฟ เจ. จูเนียร์ | |
| 245 | 1 | 0 | _aสู่ดุลยภาพ |
| 246 | _a\The \\balancing act | ||
| 260 | 3 |
_aกรุงเทพฯ : _bดวงกมล, _c2537 |
|
| 300 |
_a541 หน้า ; _b 22 ซม. |
||
| 650 | 0 | 4 | _aไทย -- การเมืองและการปกครอง -- กรุงรัตนโกสินทร์ |
| 700 | 0 | _aไรท์, โจเซฟ เจ. จูเนียร์ | |
| 850 | _aNALT | ||
| 856 | 4 | 0 |
_uhttps://hdl.handle.net/20.500.14156/337722 _71 |
| 942 |
_cGB _2lcc |
||